[Event "Tata Steel-B 77th"]
[Site "Wijk aan Zee"]
[Date "2015.01.12"]
[Round "3"]
[White "Timman, Jan H"]
[Black "Haast, Anne"]
[Result "0-1"]
[WhiteElo "2593"]
[BlackElo "2352"]
[Annotator "Sagar Shah"]
[PlyCount "60"]
[EventDate "2015.01.10"]
[EventType "tourn"]
[EventRounds "13"]
[EventCountry "NED"]
[EventCategory "13"]
[SourceTitle "CBM 165"]
[Source "ChessBase"]
[SourceDate "2015.03.11"]
[SourceVersion "1"]
[SourceVersionDate "2015.03.11"]
[SourceQuality "1"]

1. d4 d5 2. c4 dxc4 {The Queen's Gambit Accepted is a rare guest at top level
tournaments. Though neglected, it has quite a solid reputation and remains an
extremely viable opening variation as Anne Haast proves in this game.} 3. e4 e5
4. Nf3 exd4 5. Bxc4 Bb4+ (5... Nc6 6. O-O Be6 7. Bxe6 fxe6 8. Qb3 Qd7 9. Qxb7
Rb8 10. Qa6 {is one of the main lines.}) 6. Bd2 {is popular but Nbd2 should be
preferred according to me.} (6. Nbd2 {is definitely the main move and much
better than Bd2 as played in the game.} Nc6 7. O-O Nf6 8. e5 Nd5 9. Nb3 Nb6 10.
Bb5 Qd5 11. Nbxd4 $14) 6... Bxd2+ 7. Nbxd2 (7. Qxd2 c5 $15) 7... Nc6 8. O-O Qf6
9. e5 (9. b4 $5 {is an interesting move tried by Aronian against Bacrot.}) 9...
Qg6 10. Re1 (10. Nb3 $5 Bh3 11. Nh4 Qg5 12. Qf3 Be6 13. Bxe6 fxe6 14. Qh3 $14)
10... Nge7 11. Qb3 O-O {Black has come out of the opening without any problems.
White has to find a way to win back his pawn now.} 12. Bd3 Qh6 (12... Qh5 {
was also possible.}) 13. Ne4 Bf5 (13... b6 $6 14. Neg5 $1 g6 15. Be4 Bb7 16.
Rac1 $16 {With a lot of pressure.}) 14. Rac1 (14. Qxb7 $5 Qf4 $5 (14... Rab8
15. Qxc7 Rxb2 16. Rac1 $14 {White is doing well here.}) 15. Rac1 Rab8 16. Qxc7
Rb6 {With a complex position.}) 14... Rab8 15. Nc5 Bg4 16. Be4 Bxf3 17. Bxf3 (
17. Qxf3 Nxe5 18. Qg3 N7g6 $15) 17... Nxe5 18. Bxb7 N7g6 (18... d3 $5 {
threatening d2.} 19. Rcd1 Ng4 20. h3 Nxf2 21. Kxf2 Qf6+ 22. Kg1 Qd4+ 23. Kh1
Qxc5 $17 {Black ends up with a clearly better position.}) 19. Rcd1 Rfe8 (19...
Qh4 $15) 20. Re4 $6 (20. Na6 Rbd8) 20... Qg5 21. g3 $2 (21. Na6 Rxb7 22. Qxb7
Nh4 23. Rxh4 (23. g3 Qh5 $19) 23... Qxh4 24. Nxc7 Rd8 $17 {Black is better but
there is still some fight left. In the game it is just one way traggive after
21.g3?}) 21... d3 $1 22. Re3 Nf4 $5 (22... Qh5 $1 {was strong threateing Nf3+
and also movess liek Rxb7.} 23. h3 Rxb7 24. Nxb7 Nf3+ 25. Kg2 Nf4+ 26. gxf4
Rxe3 27. fxe3 Nh4+ 28. Kg3 Nf5+ 29. Kh2 Qe2+ 30. Kg1 Nh4 $19 {a brilliant
variation.}) 23. h4 Qg4 24. Rf1 d2 25. Qd1 Nh3+ 26. Kg2 Nxf2 27. Qxd2 (27. Qxg4
Nfxg4 $19) 27... Qh3+ 28. Kg1 Neg4 29. Rxe8+ Rxe8 30. Rxf2 Qxg3+ (30... Qxg3+
31. Kf1 (31. Bg2 Nxf2 32. Qxf2 Re1+) 31... Ne3+ $19 {A very well played game
by Anne Haast.}) 0-1

[Event "World Cup"]
[Site "Reykjavik"]
[Date "1991.??.??"]
[Round "10"]
[White "Salov, Valery"]
[Black "Nikolic, Predrag"]
[Result "1/2-1/2"]
[WhiteElo "2665"]
[BlackElo "2625"]
[Annotator "Salov,V"]
[PlyCount "56"]
[EventDate "1991.09.??"]
[EventType "tourn"]
[EventRounds "15"]
[EventCountry "ISL"]
[EventCategory "16"]
[SourceTitle "CBM 026"]
[Source "ChessBase"]
[SourceDate "1992.02.01"]
[SourceVersion "1"]
[SourceVersionDate "1992.02.01"]
[SourceQuality "1"]

1. d4 d5 2. c4 dxc4 3. e4 e5 4. Nf3 Bb4+ 5. Bd2 Bxd2+ 6. Qxd2 exd4 7. Qxd4 Nf6
$1 (7... Qxd4 8. Nxd4 Bd7 9. Bxc4 Nc6 10. Nxc6 Bxc6 11. Nc3 Rd8 12. Ke2 Nf6 13.
f3 Ke7 14. Rhd1 $14 {Karpov-Seirawan,Skelleftea 1989}) 8. Qxd8+ Kxd8 9. Nc3 Be6
10. Ne5 (10. Nd4 Nc6 $1 (10... Re8 $2 11. O-O-O Nbd7 12. Nxe6+ Rxe6 13. Bxc4
Re7 14. f4 Nxe4 15. Nxe4 Rxe4 16. Bxf7 $14 {Andersson-Nikolic,Tilburg 1990}) (
10... Nbd7 $5 11. Nxe6+ fxe6 12. Bxc4 e5 13. f3 c6 14. Kf2 Kc7 15. Rhd1 Rhd8
16. Ke3 b5 $10 {Miles-Rachels,USA(ch)1989}) 11. Nxe6+ fxe6 12. Bxc4 Ke7 13. Rd1
Rad8 14. f3 Rxd1+ 15. Kxd1 e5 16. Kd2 Rd8+ 17. Ke3 Nd4 $10 {Browne-Seirawan,
Jacksonville 1990}) 10... Nc6 $1 {TN} (10... Ke7 $2 11. f4 g6 12. Bxc4 Nbd7 13.
Bxe6 fxe6 14. Nd3 c5 15. O-O-O $14 {Nikolic-Seirawan,Tilburg 1990}) 11. Nxc4 (
11. Nxc6+ bxc6 $10) 11... Ke7 12. Ne3 Rhd8 13. f4 Kf8 $1 14. Be2 Nd4 15. f5 $2
(15. Kf2 Nxe2 16. Kxe2 Rd4 17. e5 $10) 15... Bd7 16. Bf3 (16. e5 Re8 17. exf6
Rxe3 18. Kf2 Rae8 $17) 16... c5 $1 $17 17. Kf2 Bc6 18. Nc4 b6 $2 (18... b5 $1
19. Na5 b4 20. Nxc6 Nxc6 21. Na4 Ne5 $17) 19. Rad1 Rab8 20. a4 a6 21. e5 $1 $8
Bxf3 (21... Nd5 $5 22. Rhe1 $1 (22. Bxd5 Bxd5 23. Nxd5 Rxd5 24. Rhe1 f6 $1)
22... Nxc3 23. bxc3 Nxf3 24. Rxd8+ Rxd8 25. gxf3 Bxa4 26. Nxb6 $10) 22. gxf3
Nh5 23. Ne2 $1 b5 (23... Nxf5 24. Rxd8+ Rxd8 25. Nxb6 Rd2 26. Nc4 Rc2 27. Rc1
$10) 24. axb5 axb5 25. Nd6 $10 f6 26. Nxd4 cxd4 27. Rxd4 fxe5 28. Rd2 Nf6
1/2-1/2

[Event "Candidates FIDE sf3"]
[Site "Sanghi Nagar"]
[Date "1994.??.??"]
[Round "4"]
[White "Timman, Jan H"]
[Black "Salov, Valery"]
[Result "0-1"]
[WhiteElo "2635"]
[BlackElo "2710"]
[Annotator "Salov,V"]
[PlyCount "138"]
[EventDate "1994.07.??"]
[EventType "match"]
[EventRounds "8"]
[EventCountry "IND"]
[SourceTitle "CBM 042"]
[Source "ChessBase"]
[SourceDate "1994.10.01"]
[SourceVersion "1"]
[SourceVersionDate "1994.10.01"]
[SourceQuality "1"]

1. d4 d5 2. c4 dxc4 3. e4 Nf6 4. e5 Nd5 5. Bxc4 Nb6 6. Bd3 Nc6 7. Be3 Nb4 8.
Be4 f5 9. exf6 exf6 10. Nc3 f5 11. Bb1 {TN} (11. Bf3 {Karpov-Short,Linares
1992,m/3}) 11... N4d5 12. Nf3 Bd6 (12... Nxe3 13. fxe3 Bd6 14. O-O O-O 15. Qb3+
Kh8 16. e4 fxe4 17. Nxe4 $40) 13. Bg5 Qd7 14. Qe2+ Qe6 15. Ne5 O-O 16. O-O Nxc3
$1 (16... c5 $6 17. Nxd5 Nxd5 18. Re1 cxd4 19. Bc2 $44) 17. bxc3 Bxe5 18. dxe5
Qc6 19. Bd3 Be6 20. Rac1 $2 (20. Rad1 $1 $15) 20... h6 21. Be3 f4 22. Bd4 Bc4
23. Bxc4+ Qxc4 24. Rfe1 Rae8 25. e6 Qxe2 26. Rxe2 Nc4 $1 27. f3 b6 28. Rd1 Rf5
$1 29. Bf2 Re5 $1 30. Rxe5 Nxe5 31. Rd4 g5 32. Re4 Nd3 $6 (32... Ng6 $1 33. g3
c5 $19) 33. Bd4 $1 Kh7 (33... c5 34. Bf6 Kh7 35. e7 Kg6 36. Re6 $132) 34. c4 $1
Kg6 35. g3 fxg3 $6 36. hxg3 Kf5 $2 (36... Re7 $1 $17) 37. e7 $1 Kg6 38. Re6+
Kf7 39. Rxh6 Rxe7 40. Rh7+ Ke6 41. Rxe7+ Kxe7 42. Kf1 $1 $15 c5 43. Bc3 Ke6 44.
Bd2 Ne5 45. Ke2 g4 $1 (45... Kf5 $2 46. Bxg5 $1 $14) 46. fxg4 Nxc4 47. Bc1 Ne5
48. g5 b5 49. Kd2 Kf5 50. Kc3 Ke4 51. Kc2 a5 52. Bd2 a4 53. a3 Kd4 54. Bc3+ Kd5
55. Kb2 $4 (55. Bd2) 55... Ke6 $1 56. Ka2 Kf5 57. Bd2 Nc4 58. Bc1 (58. Be1 $142
) 58... b4 $1 $19 59. axb4 cxb4 60. Kb1 b3 61. Ka1 Kg6 $1 (61... Ne5 62. Bb2
Nd3 $2 63. Bf6 a3 64. Be7 a2 65. Bf6 Kg6 66. g4 $10) 62. Kb1 Kf7 $1 63. Ka1 Kg7
$1 64. Kb1 Kg6 $1 65. Ka1 (65. g4 $142 Ne5 66. Ba3 $1 Kxg5 67. Be7+ Kxg4 68.
Kb2 Nc4+ 69. Kc3 Kf5 $1 70. Bf8 Kf6 $3 $19) 65... Ne5 $1 66. Ba3 (66. Bb2 Nd3
67. Bf6 a3 68. Be7 a2 69. Bf6 Kf5 70. g4+ Kg6 $19) 66... Kxg5 67. Be7+ Kf5 68.
g4+ (68. Kb2 Ke6 $1 69. Bf8 Kf7 $3 70. Bh6 $8 Nc4+ 71. Kc3 b2 72. Kc2 a3 73.
Kb1 Kg6 74. Bf4 Kf5 75. Bh6 Ke4 76. Ka2 Kd3 $19) 68... Ke6 $1 69. Bf8 Kf7 $1 (
69... Kf7 70. Bc5 Nd3 71. Ba3 Kf6 $1 $19) 0-1

[Event "Candidates FIDE sf3"]
[Site "Sanghi Nagar"]
[Date "1994.??.??"]
[Round "6"]
[White "Timman, Jan H"]
[Black "Salov, Valery"]
[Result "1/2-1/2"]
[WhiteElo "2635"]
[BlackElo "2710"]
[Annotator "Salov,V"]
[PlyCount "83"]
[EventDate "1994.07.??"]
[EventType "match"]
[EventRounds "8"]
[EventCountry "IND"]
[SourceTitle "CBM 042"]
[Source "ChessBase"]
[SourceDate "1994.10.01"]
[SourceVersion "1"]
[SourceVersionDate "1994.10.01"]
[SourceQuality "1"]

1. d4 {Ftacnik} d5 2. c4 dxc4 3. e4 c5 4. d5 Nf6 5. Nc3 e6 6. Bxc4 exd5 7. Nxd5
Nxd5 8. Bxd5 Be7 9. Qh5 O-O 10. Nf3 Nd7 11. Ng5 Bxg5 (11... Nf6 {Ftacnik} 12.
Bxf7+ Kh8 13. Qh4 h6 14. Ne6 Bxe6 15. Bxe6 Qd3 16. Bf5 c4 17. Bxh6 gxh6 18.
Qxh6+ Kg8 19. Qg6+ Kh8 20. Qh6+ Kg8 21. Qg6+ Kh8 22. a3 Rad8 23. Qh6+ Kg8 24.
Qg6+ {Sorokin,M-Vaulin,A/Cheliabinsk-B/1990/0.5 (26)}) 12. Bxg5 Nf6 13. Bxf6
Qxf6 14. O-O Rb8 $1 $10 (14... Qxb2 {Ftacnik} 15. Rab1 (15. Rac1 Be6 16. Rb1
Qf6 17. e5 Qd8 18. Bxe6 fxe6 19. Rxb7 Qd5 20. Re7 Rf5 21. Qg4 Qxe5 22. Rd1 Raf8
23. f3 h5 24. Qg3 $15 {Rivas Pastor,M-Polgar,Zsu/Leon/1989/0-1 (54)}) 15... Qf6
16. Rfc1 $1 Be6 $14 {Gleizerov,E-Mishuchkov,N/URS/1987/}) 15. Rad1 (15. Rac1 {
Ftacnik} b6 16. b4 cxb4 17. Rc7 g6 18. Qe2 Be6 19. Rxa7 Bxd5 {Adianto,U-Polgar,
Zsu/San Francisco (07)/1991/0.5 (20)}) 15... b6 (15... Qxb2 16. Bxf7+ Rxf7 17.
Rd8+ Rf8 18. Qd5+ Be6 19. Qxe6+ Kh8 20. Rxb8 Rxb8 21. Rd1 $14) 16. f4 Be6 (
16... Qxb2 {Ftacnik} 17. Bxf7+ Rxf7 18. Rd8+ Rf8 19. Qd5+ Be6 20. Qxe6+ Kh8 21.
Rd7 $40) 17. e5 Qf5 (17... Qe7 {Ftacnik} 18. f5 Bxd5 19. Rxd5 $14) 18. Qh4 (18.
Qf3 $142 Rbd8 19. h3 $1 $10) (18. Qxf5 {Ftacnik} Bxf5 19. Rd2 Rbd8 20. Rfd1 Rd7
21. Bc6 Rxd2 22. Rxd2 g6 $10) 18... Rbe8 19. Bc6 (19. h3 {Ftacnik} Bxd5 20.
Rxd5 f6) 19... Rc8 20. Bb7 Rb8 (20... Rc7 {Ftacnik} 21. Rd8 $5) 21. Bd5 Bxd5 $1
(21... Rbe8 $10) 22. Rxd5 f6 $1 $15 23. g4 (23. Qg3 $142 {Ftacnik}) 23... Qe4
24. Rdd1 $1 $8 (24. Rd7 Rbd8 (24... fxe5 {Ftacnik} 25. Qg5 Qe3+ 26. Rf2 Qe1+
27. Kg2 Qe4+ $10) 25. Rxd8 Rxd8 26. exf6 Rd2 27. Qg3 Qd4+ 28. Kh1 Qxf6 $17)
24... Rbd8 (24... fxe5 $5 25. f5 Qe3+ 26. Kh1 Rb7 27. Qe1 $1 $44) 25. Qe1 $1 $8
Qxe1 26. Rfxe1 (26. Rdxe1 fxe5 27. Rxe5 Rd4 $17) 26... fxe5 (26... Rxd1 {
Ftacnik} 27. Rxd1 fxe5 28. fxe5 Re8 29. Rd7 $10) 27. Rxd8 $1 Rxd8 28. Rxe5 Rd2
(28... Rd4 29. Re8+ (29. Re7 {Ftacnik} Rxf4 30. h3 Ra4 $17) 29... Kf7 30. Ra8)
29. Re8+ $1 Kf7 30. Ra8 Rxb2 (30... a5 {Ftacnik} 31. Ra7+ Kf6 32. b3 Rxa2 33.
Ra6 $10) 31. Rxa7+ Ke6 (31... Kf6 32. a4 $10 (32. a3 $10 {Ftacnik})) 32. Rxg7
Rxa2 33. f5+ Kd6 (33... Kf6 {Ftacnik} 34. Rxh7 b5 35. h4 b4 36. Rb7) 34. f6 c4
35. Rg8 $1 $10 Ke6 36. Rc8 Kxf6 (36... b5 {Ftacnik} 37. g5 $10) 37. Rxc4 Rb2
38. Rc7 Kg6 39. h4 b5 40. Rc6+ Kf7 41. Rc7+ Kg6 42. Rc6+ 1/2-1/2

[Event "Candidates FIDE sf3"]
[Site "Sanghi Nagar"]
[Date "1994.??.??"]
[Round "2"]
[White "Timman, Jan H"]
[Black "Salov, Valery"]
[Result "1/2-1/2"]
[WhiteElo "2635"]
[BlackElo "2710"]
[Annotator "Salov,V"]
[PlyCount "59"]
[EventDate "1994.07.??"]
[EventType "match"]
[EventRounds "8"]
[EventCountry "IND"]
[SourceTitle "CBM 042"]
[Source "ChessBase"]
[SourceDate "1994.10.01"]
[SourceVersion "1"]
[SourceVersionDate "1994.10.01"]
[SourceQuality "1"]

1. d4 {Ftacnik} d5 2. c4 dxc4 3. e4 e5 4. Nf3 Bb4+ 5. Bd2 Bxd2+ 6. Qxd2 exd4 7.
Qxd4 Nf6 8. Qxd8+ Kxd8 9. Nc3 Be6 10. Ne5 Nc6 $1 11. Nxc6+ (11. Nxc4 Ke7 12.
Ne3 Rhd8 13. f4 Kf8 14. Be2 Nd4 $10 {Salov-Nikolic,Reykjavik 1991}) (11. Nxc4
$10 {Ftacnik}) 11... bxc6 12. f4 g6 13. O-O-O+ Ke7 14. Be2 (14. Re1 {Ftacnik}
Kf8 15. g3 Nd7 16. Rd1 Rd8 17. Be2 Ke7 18. g4 f6 $10 {Petursson,M-Dlugy,M/Wijk/
1990/}) 14... h5 15. Rhe1 Rad8 16. h3 (16. f5 gxf5 17. exf5 Bd5 $15) (16. Bf3 {
Ftacnik} Bg4 $1 $15) 16... h4 17. Bf3 (17. f5 {Ftacnik} gxf5 18. exf5 Bxf5 19.
Bxc4+ Be6 $15) 17... Nh5 18. Rxd8 Kxd8 19. Bxh5 (19. Ne2 {Ftacnik} c5 $10)
19... Rxh5 20. Kd2 Ke7 21. Ke3 f5 22. Kf2 Rh8 (22... fxe4 $5 23. Nxe4 Rf5 24.
g3 $10) 23. e5 (23. exf5 {Ftacnik} gxf5 24. Re5 Rd8 25. Ke2 Rd4 26. Ke3 Rd3+
27. Ke2 $13) 23... Rb8 $1 24. Rb1 $8 (24. Re2 Rd8 25. g3 (25. Ke3 {Ftacnik}
Rd3+ 26. Kf2 Bd5 $15) 25... Rd3 $36) 24... Bd5 (24... g5 $5 25. fxg5 f4 26. Kf3
Bf5 27. Re1 Rxb2 28. Re2 Rb8 $13) 25. g3 hxg3+ 26. Kxg3 Ke6 27. Kh4 $1 $8 Rh8+
28. Kg3 Rb8 29. Kh4 $8 Rh8+ 30. Kg3 1/2-1/2

[Event "GER-ch 86th"]
[Site "Saarbruecken"]
[Date "2015.12.10"]
[Round "8"]
[White "Svane, Rasmus"]
[Black "Hilverda, Alexander"]
[Result "1-0"]
[WhiteElo "2534"]
[BlackElo "2385"]
[Annotator "Souleidis,G"]
[PlyCount "57"]
[EventDate "2015.12.03"]
[EventType "swiss"]
[EventRounds "9"]
[EventCountry "GER"]
[SourceTitle "CBM 169 Extra"]
[Source "ChessBase"]
[SourceDate "2015.12.18"]
[SourceVersion "1"]
[SourceVersionDate "2015.12.18"]
[SourceQuality "1"]

1. d4 d5 2. c4 dxc4 3. e4 Nc6 4. Nf3 Nf6 5. d5 {Es gibt kaum Vorgänger zu
dieser Stellung.} (5. Nc3 {taucht in den Datenbanken fast ausschließlich auf.}
) 5... Nxe4 (5... Nb8 6. Nc3 e6 7. Bxc4 exd5 8. Nxd5 {Vovk,Y (2577)-Motuz,K 
(2346) Slowakei 2012, gibt Weiß wegen der besseren Entwicklung und
Zentrumskontrolle schon ein klares Plus.}) 6. Bxc4 e6 (6... Nb8 7. O-O {
gibt Weiß schöne Kompensation für den Bauern dank seines enormen
Entwicklungsvorsprungs.}) 7. dxc6 {Das war bestimmt Teil der Vorbereitung.} (7.
O-O exd5 8. Bxd5 {kommt auch in Frage und muss geprüft werden.}) 7... Qxd1+ 8.
Kxd1 Nxf2+ 9. Ke2 Nxh1 10. Be3 Bd6 11. Nbd2 Ng3+ 12. hxg3 Bxg3 {Materiell kann
Schwarz nicht klagen, doch seine Armee ist überhaupt nicht im Spiel.} 13. Rc1
(13. Ne4 Bd6 14. Rd1 Ke7 15. Nd4 {ist die Alternative.}) 13... bxc6 14. Bd3 O-O
15. Nd4 e5 16. Nxc6 Bg4+ 17. Kf1 f5 18. Nf3 Bxf3 $6 (18... Rae8 19. Bc4+ Kh8 {
ist unklar. Schwarz droht seine zentralen Bauern in Gang zu setzen.}) 19. gxf3
e4 $6 20. Bc4+ Kh8 21. f4 $16 {Weiß steht besser, da seine Leichtfiguren
schöne Positionen einnehmen, wohingegen die schwarzen Türme eher Statisten
sind.} Bh4 $6 {Schwarz verliert komplett den Faden.} (21... h5) 22. Ne5 Bf6 23.
Nf7+ Kg8 24. Nh6+ Kh8 25. Nf7+ Kg8 26. Bd5 $1 Bxb2 $2 (26... Rab8 27. b3 Rb5
28. Bc4 $18) 27. Rc2 (27. Ne5+ $1 Kh8 28. Ng6+ hxg6 29. Rc2 {nebst 30.Th2# war
genauer.}) 27... Rab8 $2 (27... c6 28. Bc4 Rxf7 29. Rxb2 Kf8 30. Bxf7 Kxf7 31.
Rb7+ $16) 28. Ne5+ Kh8 29. Ng6+ $1 1-0

[Event "Linares 11th"]
[Site "Linares"]
[Date "1993.??.??"]
[Round "1"]
[White "Shirov, Alexei"]
[Black "Kramnik, Vladimir"]
[Result "1-0"]
[WhiteElo "2670"]
[BlackElo "2685"]
[Annotator "Speelman,J"]
[PlyCount "73"]
[EventDate "1993.02.??"]
[EventType "tourn"]
[EventRounds "13"]
[EventCountry "ESP"]
[EventCategory "18"]
[SourceTitle "CBM 034"]
[Source "ChessBase"]
[SourceDate "1993.06.01"]
[SourceVersion "1"]
[SourceVersionDate "1993.06.01"]
[SourceQuality "1"]

1. d4 d5 2. c4 dxc4 3. e4 c5 4. d5 Nf6 5. Nc3 b5 $5 6. Bf4 Qa5 7. Bd2 b4 8. e5
bxc3 9. Bxc3 Qa6 10. exf6 exf6 11. b3 Be7 12. Bxc4 Qd6 13. Ne2 O-O 14. O-O f5
15. Re1 Nd7 16. Ng3 g6 17. Rxe7 $1 Qxe7 18. d6 $2 (18. Qd2 Qd6 (18... Qh4 $1
19. Re1 Bb7 (19... Nf6) 20. Re3 f4 21. Re4 Rfe8 22. Rxf4 $16 Re1+ 23. Nf1 Qh6
$16) (18... Re8 $2 19. d6 Qf8 (19... Qh4 20. Qd5) 20. Nxf5 $1 $18) 19. Re1 Nb6
$1 (19... Bb7 20. Qh6 $18) 20. Qh6 (20. Be5 Nxc4 21. bxc4 Qa6 $2 (21... Qb6) (
21... Qd8 22. Bc3 f6 (22... Re8 23. Rxe8+ Qxe8 24. Nh5 $1 $18) 23. h4 $36) 22.
Qh6 f6 23. Bc7 $1 Bd7 24. Re7 Rf7 25. Rxf7 Kxf7 26. Qxh7+ $18) 20... f6 21. Re7
Qxe7 (21... Rf7 $2 22. Rxf7 (22. Re8+ Rf8 23. Nh5 $2 gxh5 24. Bxf6 Qxf6 25.
Qxf6 Rxe8) 22... Kxf7 23. Qxh7+ Kf8 24. Qxg6) 22. d6+ Qf7 $1 (22... Qe6 23.
Nxf5 gxf5 24. Bxe6+ Bxe6 25. Bxf6) 23. Bxf7+ (23. Bxf6 $4 Nxc4 $19) 23... Rxf7
$13) 18... Qh4 19. Qd5 Rb8 20. Nxf5 (20. Re1 Bb7 21. Nxf5 Bxd5 22. Ne7+ Qxe7
23. dxe7 Bxc4 24. exf8=Q+ Kxf8 25. bxc4 Nb6 26. g4 $1 Nxc4 27. g5 $44) 20...
gxf5 21. Re1 Qg4 $1 $8 22. f3 Qg6 23. Re7 Bb7 24. Qd3 Nb6 25. Ba1 Nxc4 26. Qc3
f6 27. Qxc4+ Kh8 $2 $13 (27... Rf7 $1 28. d7 Bc6 $19) 28. Kf2 Qh6 $2 29. Bc3
Qg6 30. d7 Rbd8 31. Qxc5 Rg8 32. g3 f4 33. g4 Rdf8 34. Qd4 Qh6 35. h3 Ba6 (
35... Bxf3 $1 36. d8=Q $2 (36. Kxf3 Qxh3+ 37. Ke4 Qg2+ (37... Qh1+ 38. Kd3 (38.
Kf5) 38... Qd1+ 39. Kc4 Qxd4+ 40. Bxd4 $18 f3 41. d8=Q Rxd8 42. Bxf6+ Rg7 43.
Rxg7 $1) 38. Kd3 Qf1+ 39. Kc2 $18) 36... Qh4+ 37. Kxf3 Qxh3+ 38. Kf2 Qg3+ 39.
Kf1 Qh3+ 40. Ke1 Qg3+ $10) (35... Qh4+ 36. Ke2) 36. Kg1 Qh4 37. Qxf4 1-0